Normal view
MARC view
Entry Personal Name
001 - CONTROL NUMBER
- control field: 50018
003 - CONTROL NUMBER IDENTIFIER
- control field: OSt
005 - DATE AND TIME OF LATEST TRANSACTION
- control field: 20250115163513.0
008 - FIXED-LENGTH DATA ELEMENTS
- fixed length control field: 250115|| aca||aabn | a|a d
040 ## - CATALOGING SOURCE
- Original cataloging agency: OSt
- Transcribing agency: OSt
100 ## - HEADING--PERSONAL NAME
- Personal name: Flatt, Henry and Do, Nhat-Dang
670 ## - SOURCE DATA FOUND
- Source citation: Work cat.: (OSt)525290: Flatt, Henry and Do, Nhat-Dang , Analytic bureaucracy and the policy process: Evidence from California
